书目信息 |
| 题名: |
鲁迅论中外小说
|
|
| 作者: | 温祖荫 编 | |
| 分册: | ||
| 出版信息: | 长沙 湖南人民出版社 1982 |
|
| 页数: | 312页 | |
| 开本: | 19cm | |
| 丛书名: | ||
| 单 册: | ||
| 中图分类: | I210.3 | |
| 科图分类: | ||
| 主题词: | 文学评论-小说--世界 , 文学--作品集--中国 , 小说-文学评论--世界 | |
| 电子资源: | ||
| ISBN: | ||
| 000 | 00697nam0 2200253 45 | |
| 001 | 0182004558 | |
| 005 | 20060909164805.26 | |
| 010 | @dCNY0.88 | |
| 091 | @a10109.1469 | |
| 100 | @a19950509d1982 em y0chiy0121 ea | |
| 101 | 0 | @achi |
| 102 | @aCN@b430000 | |
| 105 | @ay r 000zy | |
| 200 | 10 | @a鲁迅论中外小说@Alu xun lun zhong wai xiao shuo@f温祖荫编@Fwen zu yin bian |
| 210 | @a长沙@c湖南人民出版社@d1982 | |
| 215 | @a312页@d19cm | |
| 606 | @a文学评论-小说@y世界 | |
| 606 | 0 | @a文学@x作品集@x中国 |
| 606 | @a小说-文学评论@y世界 | |
| 690 | @aI210.3@v3 | |
| 701 | 0 | @a温祖荫@Awen zu yin@4编 |
| 801 | 0 | @aCN@bTSSF@c20060909 |
| 801 | 2 | @aCN@bNLC@c20060605 |
| 905 | @a10447@dI210.3@e203 | |
| 鲁迅论中外小说/温祖荫编.-长沙:湖南人民出版社,1982 |
| 312页;19cm |
| ISBN :CNY0.88 |
| ● |
| 相关链接 |
|
|
|
|
正题名:鲁迅论中外小说
索取号:I210.3/203
 
预约/预借
| 序号 | 登录号 | 条形码 | 馆藏地/架位号 | 状态 | 备注 |
| 1 | 0420568 | 204205680 | 密集书库/ [索取号:I210.3/203] | 在馆 | |
| 2 | 0467303 | 204673031 | 密集书库/ [索取号:I210.3/203] | 在馆 |